[Event "Oberliga Nord W 1819"]
[Site "Germany"]
[Date "2018.12.16"]
[Round "4.8"]
[White "Lai Hop, Duong"]
[Black "Sanasi, Marcello"]
[Result "1-0"]
[WhiteElo "2193"]
[BlackElo "1637"]
[PlyCount "91"]
[EventDate "2018.10.21"]
[EventType "team-tourn"]
[EventRounds "9"]
[EventCountry "GER"]
[SourceTitle "EXT 2020"]
[Source "ChessBase"]
[SourceDate "2019.10.17"]
[SourceVersion "1"]
[SourceVersionDate "2019.10.17"]
[SourceQuality "1"]
[WhiteTeam "Werder Bremen II"]
[BlackTeam "Hannover"]
[WhiteTeamCountry "GER"]
[BlackTeamCountry "GER"]

1. d4 d5 2. Bf4 Nf6 3. e3 g6 4. Nf3 Bg7 5. Bd3 0-0 6. Nbd2 c5 7. c3 Nc6 8. dxc5 Nd7 9. Bc2 Nxc5 10. 0-0 e5 11. Bg3 Bg4 12. h3 Be6 13. b4 Nd7 14. Nb3 Rc8 15. Qd2 e4 16. Nfd4 Nxd4 17. cxd4 Nb6 18. Na5 Nc4 19. Nxc4 Rxc4 20. Bb3 Rc8 21. Rac1 Qd7 22. Qb2 Rxc1 23. Rxc1 Rc8 24. Rxc8+ Qxc8 25. Qa3 a6 26. Qa5 b5 27. Qb6 Bf8 28. Bd6 Bg7 29. Qc5 Qb7 30. a4 h5 31. a5 Kh7 32. Qb6 Qc8 33. Bc5 g5 34. Qd6 Qb7 35. Qd8 Kg6 36. Qg8 Qd7 37. Qa8 g4 38. hxg4 Bxg4 39. Qxd5 Qe8 40. Bc2 f5 41. Bb3 f4 42. Qd6+ Kh7 43. Qxf4 Qg6 44. Bc2 Bf5 45. f3 Bh6 46. Qxf5 1-0

[Event "Oberliga Nord W 1718"]
[Site "Germany"]
[Date "2018.04.15"]
[Round "9.3"]
[White "Van Son, Lutz"]
[Black "Lai Hop, Duong"]
[Result "0-1"]
[WhiteElo "2172"]
[BlackElo "2181"]
[PlyCount "82"]
[EventDate "2017.10.08"]
[EventType "team-tourn"]
[EventRounds "9"]
[EventCountry "GER"]
[SourceTitle "EXT 2019"]
[Source "ChessBase"]
[SourceDate "2018.10.10"]
[SourceVersion "1"]
[SourceVersionDate "2018.10.10"]
[SourceQuality "1"]
[WhiteTeam "Hameln"]
[BlackTeam "Werder Bremen III"]
[WhiteTeamCountry "GER"]
[BlackTeamCountry "GER"]

1. e4 d5 2. exd5 Qxd5 3. Nc3 Qd6 4. d4 Nf6 5. Nf3 c6 6. Be3 Bg4 7. h3 Bh5 8. g4 Bg6 9. Ne5 Nbd7 10. Nc4 Qc7 11. Qd2 Nb6 12. Bf4 Qd8 13. 0-0-0 e6 14. f3 Nfd5 15. Ne4 Nxc4 16. Bxc4 Bb4 17. Qh2 Nxf4 18. Qxf4 Be7 19. Kb1 a5 20. h4 h6 21. h5 Bh7 22. Rhe1 0-0 23. Qe3 a4 24. f4 a3 25. g5 axb2 26. Rg1 Kh8 27. gxh6 gxh6 28. f5 exf5 29. Qxh6 Rg8 30. Bxf7 Rxg1 31. Rxg1 Qxd4 32. Rf1 Qg7 33. Qe6 fxe4 34. h6 Qg5 35. Qd7 Qe5 36. Be6 Qd6 37. Qxb7 Rb8 38. Qa7 Rd8 39. Qb7 Qxe6 40. Qxb2+ Bf6 41. Rxf6 Rd1+ 0-1

[Event "Oberliga Nord W 1718"]
[Site "Germany"]
[Date "2018.01.21"]
[Round "5.4"]
[White "Hoerstmann, Rudi"]
[Black "Lai Hop, Duong"]
[Result "1/2-1/2"]
[WhiteElo "2227"]
[BlackElo "2181"]
[PlyCount "90"]
[EventDate "2017.10.08"]
[EventType "team-tourn"]
[EventRounds "9"]
[EventCountry "GER"]
[SourceTitle "EXT 2019"]
[Source "ChessBase"]
[SourceDate "2018.10.10"]
[SourceVersion "1"]
[SourceVersionDate "2018.10.10"]
[SourceQuality "1"]
[WhiteTeam "Liste Turm"]
[BlackTeam "Werder Bremen III"]
[WhiteTeamCountry "GER"]
[BlackTeamCountry "GER"]

1. Nf3 d5 2. g3 Nf6 3. Bg2 c6 4. c4 Bf5 5. Qb3 Qb6 6. d3 e6 7. Be3 Qxb3 8. axb3 a6 9. Nc3 Nbd7 10. cxd5 exd5 11. Nd4 Bg6 12. Nc2 Bd6 13. b4 0-0 14. Na4 Rfe8 15. Kd2 Re7 16. Nc5 Rb8 17. Bh3 Ne5 18. Bg5 h5 19. Nd4 Neg4 20. Bxg4 hxg4 21. h3 Be5 22. Ncb3 gxh3 23. Rxh3 Ree8 24. Bxf6 Bxf6 25. f4 Be7 26. Kc3 f5 27. Rg1 b6 28. g4 c5 29. bxc5 bxc5 30. Nxf5 Bf6+ 31. d4 Bxf5 32. gxf5 cxd4+ 33. Kd2 Re4 34. Rf3 a5 35. Ra1 a4 36. Rxa4 d3 37. Nc5 Rxe2+ 38. Kxd3 Rexb2 39. Rf1 Rc8 40. Ra5 Rb4 41. Nd7 Rd4+ 42. Ke2 Rc2+ 43. Ke3 Rc3+ 44. Ke2 Rc2+ 45. Ke3 Rc3+ 1/2-1/2

[Event "Oberliga Nord W 1718"]
[Site "Germany"]
[Date "2017.11.12"]
[Round "3.3"]
[White "Lai Hop, Duong"]
[Black "Elgersma, Simon"]
[Result "1-0"]
[WhiteElo "2181"]
[BlackElo "2257"]
[PlyCount "93"]
[EventDate "2017.10.08"]
[EventType "team-tourn"]
[EventRounds "9"]
[EventCountry "GER"]
[SourceTitle "EXT 2019"]
[Source "ChessBase"]
[SourceDate "2018.10.10"]
[SourceVersion "1"]
[SourceVersionDate "2018.10.10"]
[SourceQuality "1"]
[WhiteTeam "Werder Bremen III"]
[BlackTeam "Nordhorn Blanke"]
[WhiteTeamCountry "GER"]
[BlackTeamCountry "GER"]

1. d4 Nf6 2. Nf3 g6 3. Bf4 Bg7 4. e3 d6 5. c3 0-0 6. h3 Nbd7 7. Nbd2 c5 8. Bd3 b6 9. 0-0 Bb7 10. e4 e5 11. Bh2 Qe7 12. Re1 Rfd8 13. a4 Nh5 14. Nc4 Nf4 15. Bf1 Nf8 16. Qb3 Rab8 17. Rad1 Bc6 18. Qa2 Qf6 19. dxe5 Nxh3+ 20. gxh3 Qxf3 21. Bg2 Qh5 22. exd6 Ne6 23. Rd3 Rb7 24. f4 Bh6 25. Ne5 Be8 26. Ng4 Bg7 27. Rd5 Qh4 28. Re3 Rc8 29. Bg3 Qd8 30. f5 h5 31. fxe6 fxe6 32. d7 Bxd7 33. Ne5 Qg5 34. Rxd7 Qxe3+ 35. Kh2 Qxg3+ 36. Kxg3 Bxe5+ 37. Kf2 Rf8+ 38. Kg1 Rxd7 39. Qxe6+ Rff7 40. Qxe5 Rd1+ 41. Kh2 Rd2 42. Qg5 Rff2 43. Qxg6+ Kf8 44. b4 cxb4 45. cxb4 Ke7 46. Kg1 Rfe2 47. Bf1 1-0

[Event "Oberliga Nord W 1617"]
[Site "Germany"]
[Date "2017.04.23"]
[Round "8.5"]
[White "Ter Stal, Rainer"]
[Black "Lai Hop, Duong"]
[Result "1/2-1/2"]
[WhiteElo "2138"]
[BlackElo "2175"]
[PlyCount "36"]
[EventDate "2016.10.16"]
[EventType "team-tourn"]
[EventRounds "9"]
[EventCountry "GER"]
[SourceTitle "EXT 2018"]
[Source "ChessBase"]
[SourceDate "2017.10.13"]
[SourceVersion "1"]
[SourceVersionDate "2017.10.13"]
[SourceQuality "1"]
[WhiteTeam "Nordhorn Blanke"]
[BlackTeam "Werder Bremen"]
[WhiteTeamCountry "GER"]
[BlackTeamCountry "GER"]

1. d4 d5 2. Nf3 Nf6 3. c4 c6 4. e3 Bf5 5. cxd5 cxd5 6. Qb3 Qc7 7. Nc3 e6 8. Bd2 Nc6 9. Be2 Be7 10. 0-0 0-0 11. Rfc1 Rfc8 12. Na4 Ne4 13. Be1 Rab8 14. h3 h6 15. Qd1 Qd8 16. Nd2 Nxd2 17. Bxd2 Bd6 18. Bb5 Qe7 1/2-1/2

[Event "Bremen-ch op"]
[Site "Bremen"]
[Date "2015.04.04"]
[Round "9"]
[White "Kardoeus, David"]
[Black "Lai Hop, Duong"]
[Result "1/2-1/2"]
[WhiteElo "2108"]
[BlackElo "2142"]
[PlyCount "133"]
[EventDate "2015.03.28"]
[EventType "swiss"]
[EventRounds "9"]
[EventCountry "GER"]
[SourceTitle "EXT 2018"]
[Source "ChessBase"]
[SourceDate "2017.10.13"]
[SourceVersion "1"]
[SourceVersionDate "2017.10.13"]
[SourceQuality "1"]

1. e4 d5 2. exd5 Qxd5 3. Nc3 Qd6 4. d4 Nf6 5. Nf3 c6 6. Ne5 Nbd7 7. Nc4 Qc7 8. Qf3 Nb6 9. Bf4 Qd8 10. Be5 Bg4 11. Qg3 h5 12. h3 h4 13. Qe3 Be6 14. Nxb6 axb6 15. Be2 Nd7 16. Bf4 Nf6 17. 0-0 g6 18. Bd3 Qd7 19. Rae1 Rd8 20. Be5 Bg7 21. Qg5 Kf8 22. Qe3 b5 23. Qf3 Rh5 24. Ne2 Bf5 25. Nf4 Rh8 26. Rd1 Nd5 27. Nxd5 Qxd5 28. Qxd5 Rxd5 29. c4 Bxd3 30. cxd5 Bxf1 31. Kxf1 cxd5 32. Bc7 Ke8 33. Bb6 Kd7 34. Rc1 Rc8 35. Rxc8 Kxc8 36. Ke2 Kd7 37. Kd3 Bh6 38. Ba5 Bc1 39. b3 Bf4 40. Be1 Bg5 41. f3 e6 42. Bf2 Be7 43. Be1 f5 44. Bd2 Ke8 45. Ba5 Kf7 46. Be1 g5 47. Bd2 Kg6 48. Bc1 Kh5 49. Bd2 g4 50. Bf4 Bb4 51. Bc7 Be1 52. Bd8 Bf2 53. Bc7 gxh3 54. gxh3 Kg5 55. f4+ Kg6 56. Be5 Be1 57. Bd6 Ba5 58. b4 Bb6 59. Ke3 Kf7 60. Kd3 Bd8 61. Be5 Ke8 62. Kc3 Kd7 63. Kb3 Bc7 64. Bxc7 Kxc7 65. Kc3 Kb6 66. Kb3 Kc6 67. Kc3 1/2-1/2

[Event "Bremen-ch op"]
[Site "Bremen"]
[Date "2015.04.02"]
[Round "7"]
[White "Margraf, Daniel"]
[Black "Lai Hop, Duong"]
[Result "0-1"]
[WhiteElo "2291"]
[BlackElo "2142"]
[PlyCount "76"]
[EventDate "2015.03.28"]
[EventType "swiss"]
[EventRounds "9"]
[EventCountry "GER"]
[SourceTitle "EXT 2018"]
[Source "ChessBase"]
[SourceDate "2017.10.13"]
[SourceVersion "1"]
[SourceVersionDate "2017.10.13"]
[SourceQuality "1"]

1. e4 c6 2. d4 d5 3. e5 Bf5 4. Nf3 e6 5. Be2 c5 6. dxc5 Bxc5 7. 0-0 Nc6 8. a3 a6 9. b4 Bb6 10. Nbd2 Bc7 11. Bb2 Nge7 12. Re1 Qb8 13. c4 0-0 14. Bf1 dxc4 15. Nxc4 Rd8 16. Qb3 b5 17. Ne3 Bg6 18. Qc3 Be4 19. Ng4 Bd5 20. Qe3 Ng6 21. h3 Bxf3 22. Qxf3 Ncxe5 23. Qc3 f6 24. Rac1 Bb6 25. Qb3 Nxg4 26. Qxe6+ Kh8 27. hxg4 Rd2 28. Re2 Nf4 29. Qc8+ Rd8 30. Qc2 Nxe2+ 31. Qxe2 Qf4 32. Re1 h5 33. Bc1 Qxg4 34. Qe7 Rd7 35. Qe6 Qxe6 36. Rxe6 Rd1 37. Bf4 Bd4 38. Rd6 Re8 0-1

[Event "Oberliga Nord W 1415"]
[Site "Germany"]
[Date "2015.03.15"]
[Round "8.7"]
[White "Janhoff, Axel"]
[Black "Lai Hop, Duong"]
[Result "0-1"]
[WhiteElo "2014"]
[BlackElo "2142"]
[PlyCount "74"]
[EventDate "2014.09.22"]
[EventType "team-tourn"]
[EventRounds "9"]
[EventCountry "GER"]
[SourceTitle "EXT 2016"]
[Source "ChessBase"]
[SourceDate "2015.10.08"]
[SourceVersion "1"]
[SourceVersionDate "2015.10.08"]
[SourceQuality "1"]
[WhiteTeam "Hildesheim"]
[BlackTeam "Werder Bremen II"]
[WhiteTeamCountry "GER"]
[BlackTeamCountry "GER"]

1. Nf3 d5 2. g3 Nf6 3. Bg2 c6 4. d3 Bg4 5. Nbd2 Nbd7 6. 0-0 e5 7. e4 Bd6 8. Re1 dxe4 9. dxe4 0-0 10. Nc4 Bc7 11. Ne3 Bh5 12. Nf5 Nc5 13. Qxd8 Rfxd8 14. Bg5 Rd7 15. Bxf6 gxf6 16. g4 Bg6 17. Bf1 h5 18. b4 Ne6 19. Rad1 Rad8 20. Rxd7 Rxd7 21. c3 Bb6 22. a4 a5 23. Rb1 axb4 24. cxb4 hxg4 25. N3h4 Rd2 26. Nxg6 Bxf2+ 27. Kh1 fxg6 28. Bc4 Kf7 29. Nh6+ Ke7 30. Bxe6 Kxe6 31. Nxg4 Bd4 32. h3 Ra2 33. a5 Re2 34. Rf1 f5 35. exf5+ gxf5 36. Nh2 e4 37. Rb1 Rb2 0-1

[Event "Oberliga Nord W 1415"]
[Site "Germany"]
[Date "2015.01.18"]
[Round "5.8"]
[White "Lai Hop, Duong"]
[Black "Giel, Olaf"]
[Result "0-1"]
[WhiteElo "2152"]
[BlackElo "2132"]
[PlyCount "52"]
[EventDate "2014.09.22"]
[EventType "team-tourn"]
[EventRounds "9"]
[EventCountry "GER"]
[SourceTitle "EXT 2016"]
[Source "ChessBase"]
[SourceDate "2015.10.08"]
[SourceVersion "1"]
[SourceVersionDate "2015.10.08"]
[SourceQuality "1"]
[WhiteTeam "Werder Bremen II"]
[BlackTeam "Bremer SG"]
[WhiteTeamCountry "GER"]
[BlackTeamCountry "GER"]

1. d4 Nf6 2. Nf3 b6 3. Bf4 Ba6 4. g3 e6 5. Bg2 d5 6. 0-0 Be7 7. Re1 0-0 8. Ne5 Nfd7 9. e4 Nxe5 10. dxe5 d4 11. Bc1 Nc6 12. f4 Qd7 13. Bf1 Bxf1 14. Rxf1 Rad8 15. Rf3 Nb4 16. a3 Na6 17. Nd2 Nc5 18. Kg2 a5 19. Qe2 d3 20. cxd3 Nxd3 21. Nf1 Qd4 22. Rb1 Bc5 23. Be3 Qxe4 24. Nd2 Qd5 25. Bxc5 Nxc5 26. Nf1 Nb3 0-1

[Event "Niedersachsen-ch op-A"]
[Site "Verden"]
[Date "2015.01.04"]
[Round "5"]
[White "Martin, Dennis"]
[Black "Lai Hop, Duong"]
[Result "1/2-1/2"]
[WhiteElo "1932"]
[BlackElo "2152"]
[PlyCount "216"]
[EventDate "2015.01.02"]
[EventType "swiss"]
[EventRounds "7"]
[EventCountry "GER"]
[SourceTitle "EXT 2018"]
[Source "ChessBase"]
[SourceDate "2017.10.13"]
[SourceVersion "1"]
[SourceVersionDate "2017.10.13"]
[SourceQuality "1"]

1. e4 d5 2. exd5 Qxd5 3. Nc3 Qd6 4. d4 Nf6 5. Bc4 Bg4 6. f3 Bf5 7. Nge2 c6 8. a3 e6 9. 0-0 Qc7 10. Bf4 Bd6 11. Bxd6 Qxd6 12. Ng3 Bg6 13. Nce4 Qe7 14. Nxf6+ Qxf6 15. Ne4 Qe7 16. Nc5 0-0 17. c3 b6 18. Nd3 Nd7 19. Nf4 Bf5 20. Qe2 Qd6 21. Nd3 Rfd8 22. Rfd1 Kf8 23. a4 a5 24. g4 Bxd3 25. Bxd3 g6 26. Qe3 Rac8 27. Kg2 Nf6 28. Qe5 Qxe5 29. dxe5 Nd5 30. Kf2 Rc7 31. Be4 Rcd7 32. Rd4 c5 33. Rd3 Nf4 34. Rxd7 Rxd7 35. Ke3 Ng2+ 36. Ke2 h6 37. Rg1 Nf4+ 38. Ke3 g5 39. h4 Kg7 40. hxg5 hxg5 41. Rh1 Rd8 42. Rh7+ Kg8 43. Rh1 Rd7 44. Bh7+ Kf8 45. Be4 Ke7 46. Rh8 Rd8 47. Rxd8 Kxd8 48. Bd3 Ke7 49. Bc4 f6 50. Ke4 Nh3 51. Be2 Nf4 52. Bc4 Ng6 53. exf6+ Kxf6 54. Ba6 Ne5 55. Be2 Nf7 56. f4 Nd6+ 57. Kf3 gxf4 58. Kxf4 e5+ 59. Kf3 Kg5 60. Bd3 Kh4 61. b3 Kg5 62. Be2 Kf6 63. Ke3 Kg6 64. Bd3+ Kh6 65. Kf3 Kg5 66. Be2 Kf6 67. Ke3 Ke6 68. Bd3 Kf6 69. Be2 Kg7 70. Bd3 Kf7 71. Bc4+ Ke8 72. Bd5 Kd7 73. Bc4 Ke7 74. Bd3 Ke8 75. Bc4 Kd8 76. Bd3 Kc7 77. Bc4 Kd8 78. Bd3 Ke8 79. Bc4 Kd7 80. Bd3 Kc6 81. Bc4 Kd7 82. Bd3 Ke6 83. Bc4+ Ke7 84. Bd3 Kf7 85. Bc4+ Kg7 86. Bd3 Kh6 87. Kf3 Kg5 88. Be2 Kh4 89. Bd3 Nf7 90. Ke4 Kxg4 91. Bc4 Ng5+ 92. Kxe5 Kf3 93. Kd5 Ne4 94. Kc6 Nxc3 95. Kxb6 Ke4 96. Kxc5 Ke5 97. Kb6 Kd6 98. Kxa5 Kc5 99. Bb5 Nd5 100. Be2 Nb4 101. Bf3 Na2 102. Ka6 Nc1 103. Bd1 Nd3 104. a5 Nb4+ 105. Ka7 Kb5 106. a6 Nxa6 107. Be2+ Kb4 108. Bxa6 Kxb3 1/2-1/2

[Event "BL2-Nord 1314"]
[Site "Germany"]
[Date "2014.02.09"]
[Round "6.7"]
[White "Lai Hop, Duong"]
[Black "Dyballa, Markus"]
[Result "1-0"]
[WhiteElo "2173"]
[BlackElo "2266"]
[PlyCount "119"]
[EventDate "2013.10.13"]
[EventType "team-tourn"]
[EventRounds "9"]
[EventCountry "GER"]
[SourceTitle "EXT 2015"]
[Source "ChessBase"]
[SourceDate "2014.11.20"]
[SourceVersion "1"]
[SourceVersionDate "2014.11.20"]
[SourceQuality "1"]
[WhiteTeam "Werder Bremen II"]
[BlackTeam "Kreuzberg"]
[WhiteTeamCountry "GER"]
[BlackTeamCountry "GER"]

1. d4 Nf6 2. Nf3 e6 3. Bf4 b6 4. e3 Bb7 5. Bd3 Be7 6. h3 Ne4 7. Nbd2 Nxd2 8. Qxd2 f5 9. Qe2 0-0 10. Rg1 a5 11. 0-0-0 Ba6 12. Kb1 Bxd3 13. Qxd3 Nc6 14. Qc4 Qb8 15. d5 b5 16. Qe2 Nd8 17. Ne5 Qc8 18. dxe6 dxe6 19. Qxb5 Bd6 20. Nc6 Nxc6 21. Qxc6 Ra6 22. Qc4 Bxf4 23. Qxf4 Rd8 24. Qe5 a4 25. a3 Rad6 26. Rxd6 Rxd6 27. g4 Rd5 28. Qc3 Qd7 29. gxf5 exf5 30. Qc4 Kh8 31. h4 Rd2 32. f3 h6 33. e4 f4 34. Kc1 Rd4 35. Qc5 Rd6 36. h5 Qf7 37. Kb1 Qd7 38. Kc1 Qf7 39. Kb1 Qd7 40. Qc3 Rd4 41. Kc1 Qd6 42. Qa5 c5 43. Qa8+ Kh7 44. Qe8 Qc7 45. Rg6 Rd7 46. Ra6 Rd8 47. Qg6+ Kh8 48. Qc6 Qe5 49. Ra8 Rxa8 50. Qxa8+ Kh7 51. Qd5 Qc7 52. e5 Qa5 53. Kd1 Qb5 54. e6 Qf1+ 55. Kd2 Qf2+ 56. Kc3 Qe1+ 57. Kc4 Qe2+ 58. Qd3+ Qxd3+ 59. cxd3 g5 60. e7 1-0

[Event "Niedersachsen-ch op-A"]
[Site "Verden"]
[Date "2014.01.05"]
[Round "7"]
[White "Lai Hop, Duong"]
[Black "Lebiedz, Oliver"]
[Result "1-0"]
[WhiteElo "2173"]
[BlackElo "1821"]
[PlyCount "67"]
[EventDate "2014.01.02"]
[EventType "swiss"]
[EventRounds "7"]
[EventCountry "GER"]
[SourceTitle "EXT 2016"]
[Source "ChessBase"]
[SourceDate "2015.10.08"]
[SourceVersion "1"]
[SourceVersionDate "2015.10.08"]
[SourceQuality "1"]

1. d4 Nf6 2. Nf3 c5 3. c3 e6 4. Bf4 Be7 5. dxc5 Bxc5 6. e3 0-0 7. Bd3 d6 8. Nbd2 Re8 9. 0-0 h6 10. e4 e5 11. Bg3 Bg4 12. h3 Bh5 13. Qc2 Bxf3 14. Nxf3 Nh5 15. Bh2 Nd7 16. Rad1 Qf6 17. Qd2 Nf8 18. Be2 Rad8 19. g4 Nf4 20. Bxf4 exf4 21. Qd5 Ng6 22. Rd2 Ne5 23. Kg2 h5 24. gxh5 Nxf3 25. Bxf3 Re5 26. Qxb7 Qh4 27. Rd5 Rde8 28. Qd7 R8e6 29. Bg4 Rxe4 30. Rf5 Rf6 31. Qd8+ Kh7 32. Rxf6 Qxf6 33. Qxf6 gxf6 34. Bf5+ 1-0

[Event "Niedersachsen-ch op-A"]
[Site "Verden"]
[Date "2014.01.03"]
[Round "3"]
[White "Lai Hop, Duong"]
[Black "Janzen, Alexej"]
[Result "1-0"]
[WhiteElo "2173"]
[BlackElo "1953"]
[PlyCount "137"]
[EventDate "2014.01.02"]
[EventType "swiss"]
[EventRounds "7"]
[EventCountry "GER"]
[SourceTitle "EXT 2016"]
[Source "ChessBase"]
[SourceDate "2015.10.08"]
[SourceVersion "1"]
[SourceVersionDate "2015.10.08"]
[SourceQuality "1"]

1. d4 d5 2. Bf4 Nf6 3. e3 c5 4. c3 Nc6 5. Nd2 Qb6 6. Qb3 c4 7. Qc2 g6 8. e4 Nxe4 9. Nxe4 dxe4 10. Bxc4 Bg7 11. Be3 Qc7 12. Bb3 0-0 13. Qxe4 Bf5 14. Qf3 e5 15. d5 e4 16. Qd1 Ne5 17. Bf4 Nf3+ 18. Nxf3 Qxf4 19. Nd4 Bg4 20. Ne2 Qg5 21. Qd2 e3 22. Qxe3 Qxe3 23. fxe3 Rae8 24. Kf2 Bh6 25. Nf4 Bf5 26. Rhe1 Re4 27. g3 Rd8 28. Rad1 Bg7 29. Rd2 Re5 30. c4 Bf8 31. a3 Bd7 32. Nd3 Re4 33. Kf3 Rde8 34. Nf2 R4e5 35. Bc2 Bh6 36. Rde2 Bg7 37. e4 h5 38. Bd3 a5 39. Rc1 Bh6 40. Rc3 Bg7 41. Rb3 Rb8 42. c5 Bf8 43. c6 a4 44. Rxb7 Rxb7 45. cxb7 Bd6 46. Rc2 Re8 47. Ba6 f5 48. Rc8 Kf7 49. exf5 Bxf5 50. Rxe8 Kxe8 51. Ne4 Bxe4+ 52. Kxe4 Kd8 53. Bb5 Kc7 54. Bxa4 g5 55. Kf5 h4 56. g4 Bxh2 57. Kxg5 Bg3 58. Bd1 Kxb7 59. Kf5 Kc7 60. g5 Kd6 61. Bf3 Be5 62. b4 Bb2 63. g6 h3 64. a4 Kd7 65. a5 Ke7 66. b5 Bc3 67. b6 Bxa5 68. d6+ Kxd6 69. b7 1-0

[Event "Niedersachsen-ch op-A"]
[Site "Verden"]
[Date "2014.01.02"]
[Round "2"]
[White "Zucker, Stefan"]
[Black "Lai Hop, Duong"]
[Result "0-1"]
[WhiteElo "1916"]
[BlackElo "2173"]
[PlyCount "156"]
[EventDate "2014.01.02"]
[EventType "swiss"]
[EventRounds "7"]
[EventCountry "GER"]
[SourceTitle "EXT 2016"]
[Source "ChessBase"]
[SourceDate "2015.10.08"]
[SourceVersion "1"]
[SourceVersionDate "2015.10.08"]
[SourceQuality "1"]

1. Nf3 d5 2. e3 Nf6 3. b3 Bg4 4. Bb2 e6 5. Be2 Be7 6. d3 c5 7. Nbd2 Nc6 8. a3 a5 9. c4 0-0 10. 0-0 Qb8 11. Rc1 Nd7 12. d4 cxd4 13. exd4 Rd8 14. cxd5 exd5 15. Re1 Bd6 16. h3 Bf5 17. Nh4 Be6 18. Bg4 Bxg4 19. Qxg4 Nf6 20. Qf3 Bh2+ 21. Kh1 Qf4 22. Qxf4 Bxf4 23. Rc2 Re8 24. Nhf3 Rxe1+ 25. Nxe1 Re8 26. Nd3 Bxd2 27. Rxd2 Re4 28. Nc5 Re1+ 29. Kh2 Ne4 30. Nxe4 Rxe4 31. Kg3 Kf8 32. Rc2 Ke7 33. b4 axb4 34. axb4 Kd6 35. f3 Re3 36. b5 Na7 37. Bc1 Rb3 38. Bf4+ Ke6 39. Re2+ Kd7 40. Bb8 Nxb5 41. Re5 Nc3 42. Ba7 f6 43. Re1 Nb5 44. Bc5 Nd6 45. Kg4 g6 46. h4 b6 47. Bxd6 Kxd6 48. Re8 Rd3 49. Rd8+ Ke6 50. Kf4 Rxd4+ 51. Ke3 Rxh4 52. g4 Rh1 53. Rb8 Re1+ 54. Kd4 Rd1+ 55. Ke3 Rb1 56. Re8+ Kd6 57. Rd8+ Kc5 58. Rc8+ Kb4 59. Rc6 b5 60. Rxf6 Kc5 61. Rf7 Rh1 62. Rc7+ Kb6 63. Rd7 Kc6 64. Rd8 b4 65. Rb8 Kc5 66. Rc8+ Kb5 67. Rd8 Kc4 68. Rc8+ Kb3 69. Rc5 Ka2 70. Ra5+ Kb2 71. Rxd5 b3 72. Rd6 Kc1 73. Rc6+ Kb1 74. Rc7 b2 75. Kd2 Rh3 76. Ke2 h5 77. gxh5 Rxh5 78. f4 Ra5 0-1

[Event "BL2-Nord 1314"]
[Site "Germany"]
[Date "2013.11.24"]
[Round "3.8"]
[White "Gruenter, Martin"]
[Black "Lai Hop, Duong"]
[Result "0-1"]
[WhiteElo "2232"]
[BlackElo "2173"]
[PlyCount "120"]
[EventDate "2013.10.13"]
[EventType "team-tourn"]
[EventRounds "9"]
[EventCountry "GER"]
[SourceTitle "EXT 2015"]
[Source "ChessBase"]
[SourceDate "2014.11.20"]
[SourceVersion "1"]
[SourceVersionDate "2014.11.20"]
[SourceQuality "1"]
[WhiteTeam "Hamburger SK II"]
[BlackTeam "Werder Bremen II"]
[WhiteTeamCountry "GER"]
[BlackTeamCountry "GER"]

1. e4 d5 2. exd5 Qxd5 3. Nc3 Qd6 4. d4 Nf6 5. Nf3 c6 6. Ne5 Nbd7 7. Nc4 Qc7 8. Qf3 Nb6 9. Bf4 Qd8 10. Be5 Bg4 11. Qg3 h5 12. h3 h4 13. Qf4 Be6 14. Ne3 Nbd5 15. Ncxd5 Nxd5 16. Nxd5 Qxd5 17. c4 Qa5+ 18. Qd2 Qxd2+ 19. Kxd2 0-0-0 20. Kc3 Bf5 21. Be2 e6 22. Bg4 Bxg4 23. hxg4 Be7 24. Rh3 Rd7 25. Re1 Rg8 26. Rf3 a5 27. a3 b5 28. cxb5 cxb5 29. Kb3 Bd8 30. Rc1+ Kb7 31. Rc5 a4+ 32. Ka2 Ka6 33. Rc6+ Bb6 34. Rd6 Rxd6 35. Bxd6 Rd8 36. Bc5 Rd7 37. Kb1 Kb7 38. Kc2 Bxc5 39. dxc5 Kc6 40. g5 Rd5 41. g6 fxg6 42. Rf4 Rf5 43. Rxh4 Rxf2+ 44. Kc3 Rxg2 45. Re4 Rg5 46. Rxe6+ Kxc5 47. Re7 Rg3+ 48. Kc2 Kd4 49. Rd7+ Ke4 50. Rxg7 Kf4 51. Rf7+ Kg4 52. Rd7 Rb3 53. Rd2 g5 54. Kd1 Kf3 55. Ke1 g4 56. Kf1 b4 57. axb4 a3 58. Rf2+ Kg3 59. Rg2+ Kh3 60. bxa3 Rb1+ 0-1

[Event "Bremen-ch op"]
[Site "Bremen"]
[Date "2013.03.30"]
[Round "9"]
[White "Lai Hop, Duong"]
[Black "Steingraeber, Kai Uwe"]
[Result "0-1"]
[WhiteElo "2193"]
[BlackElo "2080"]
[PlyCount "94"]
[EventDate "2013.03.23"]
[EventType "swiss"]
[EventRounds "9"]
[EventCountry "GER"]
[SourceTitle "EXT 2022"]
[Source "ChessBase"]
[SourceDate "2021.10.06"]
[SourceVersion "1"]
[SourceVersionDate "2021.10.06"]
[SourceQuality "1"]

1. d4 d5 2. Nf3 Nf6 3. Bf4 e6 4. e3 c5 5. c3 Nc6 6. Nbd2 Bd6 7. Bg3 0-0 8. Bd3 Qe7 9. Ne5 Nd7 10. f4 f6 11. Nxc6 bxc6 12. 0-0 e5 13. fxe5 fxe5 14. Rxf8+ Nxf8 15. dxe5 Bxe5 16. Bxe5 Qxe5 17. e4 Rb8 18. Qc2 Bg4 19. b3 Ng6 20. exd5 cxd5 21. Bxg6 hxg6 22. Nf1 Kh7 23. Qd2 Re8 24. Rc1 Re7 25. h3 Be2 26. Re1 d4 27. cxd4 cxd4 28. Ng3 d3 29. Nxe2 dxe2 30. b4 Qb5 31. Kh1 Qf5 32. Kg1 Qe6 33. Kh1 Qf6 34. Kg1 Qb6+ 35. Kh1 Qf2 36. a4 Re3 37. b5 g5 38. Qc2+ Kh6 39. Qd2 Kh5 40. a5 Kh4 41. b6 axb6 42. axb6 Kg3 43. Qd6+ Qf4 44. Qc7 Qxc7 45. bxc7 Rc3 46. Kg1 Rxc7 47. Ra1 Rc3 0-1

[Event "Bremen-ch op"]
[Site "Bremen"]
[Date "2013.03.29"]
[Round "7"]
[White "Lai Hop, Duong"]
[Black "Wiechmann, Gerd"]
[Result "1-0"]
[WhiteElo "2193"]
[BlackElo "2009"]
[PlyCount "93"]
[EventDate "2013.03.23"]
[EventType "swiss"]
[EventRounds "9"]
[EventCountry "GER"]
[SourceTitle "EXT 2022"]
[Source "ChessBase"]
[SourceDate "2021.10.06"]
[SourceVersion "1"]
[SourceVersionDate "2021.10.06"]
[SourceQuality "1"]

1. d4 e6 2. Nf3 f5 3. Bf4 Nf6 4. e3 Be7 5. h3 d6 6. Bc4 c6 7. Nbd2 b6 8. Qe2 a5 9. c3 Ba6 10. Bxa6 Nxa6 11. e4 Nxe4 12. Nxe4 fxe4 13. Qxe4 Qd7 14. 0-0 0-0 15. Rae1 Nc7 16. Bg3 Rae8 17. Qc2 b5 18. a4 Nd5 19. Qb3 Bd8 20. Re2 Rf6 21. Rfe1 Rh6 22. axb5 cxb5 23. Nh2 Rg6 24. Nf1 Bg5 25. Qa3 Bf4 26. Qxa5 Bxg3 27. fxg3 Rf6 28. Ne3 Qb7 29. Qa2 Nc7 30. Qb3 Qa8 31. Qc2 Ref8 32. b3 Qe8 33. c4 Qg6 34. Qxg6 Rxg6 35. Nf1 bxc4 36. bxc4 Rg5 37. Ra2 Rgf5 38. Ra7 R5f7 39. Nd2 d5 40. c5 Rb8 41. Nf3 Rb2 42. Raa1 Rf8 43. Reb1 Rxb1+ 44. Rxb1 h6 45. Rb7 Rc8 46. Ne5 g5 47. Nc6 1-0